Marketing Strategic Foundations
Salvato in:
| Autore principale: | |
|---|---|
| Altri autori: | |
| Natura: | Libro |
| Lingua: | inglese |
| Pubblicazione: |
Homewood
Irwin
1985
|
| Edizione: | 1. ed. |
| Soggetti: | |
| Tags: |
Nessun Tag, puoi essere il primo ad aggiungerne!!
|
MARC
| LEADER | 00000nam a2200000 4500 | ||
|---|---|---|---|
| 001 | c003954 | ||
| 005 | 20221207074805.3 | ||
| 020 | |a 0-256-02843-5 | ||
| 041 | 0 | |a eng | |
| 044 | |a US | ||
| 245 | 1 | 0 | |a Marketing |b Strategic Foundations |c Paul S. Busch, Michael J. Houston |
| 250 | |a 1. ed. | ||
| 264 | 1 | |a Homewood |b Irwin |c 1985 | |
| 300 | |a 881 s. | ||
| 610 | 2 | 0 | |a marketing |
| 610 | 2 | 0 | |a stratégia podniková |
| 610 | 2 | 0 | |a spotrebitelia |
| 610 | 2 | 0 | |a správanie |
| 610 | 2 | 0 | |a dopyt |
| 610 | 2 | 0 | |a vývoj výrobku |
| 610 | 2 | 0 | |a životnosť výrobkov |
| 610 | 2 | 0 | |a distribúcia |
| 610 | 2 | 0 | |a tvorba cien |
| 100 | 1 | |a Busch, Paul S. | |
| 700 | 1 | |a Houston, Michael J. | |